000 00302nam a22001337a 4500
008 190227b xxu||||| |||| 00| 0 eng d
020 _a9780131447707
041 _aeng
080 _a910
100 _a42
101 _aGJEO
245 _aExercises in Physical Geology
_cHamblin, W.K
942 _2udc
_cBK
999 _c54353
_d54353